000 00839nam a22001817a 4500
999 _c61421
_d61421
005 20240311165754.0
008 240311s1964 ru ||||| |||| 00| 0 rus d
041 _arus
080 _a336.74(395.3) Г-60
100 _aГоленко, К. В.
_921387
245 _aДенежное обращение Колхиды в римское время /
_cК.В. Голенко.
264 _aЛенинград :
_bИзд-во Гос. Эрмитажа,
_c1964.
300 _a109 с.:
_bил. карт. ;
_c22 см.
521 _aბიბლიოგრ. ტექსტის შენიშვნებსა და გვ. 7-8.
653 _aფულის მიმოქცევა
653 _aკოლხეთის ფულადი მიმოქცევა რომის ხანაში
942 _2udc
_cᲬᲘᲒᲜᲘ